Quizzes
Events
Quiz Creation
Community
Videos
Private Events
Remove Ads
Sign In
Join for FREE
Feedback
Dark Mode
Quiz Categories
Sports
Geography
Music
Movies
Television
Just For Fun
Miscellaneous
History
Literature
Language
Science
Gaming
Entertainment
Religion
Holiday
For Kids
Quiz Lab
Recent
Popular Today
Quiz Kudos Today
Editor Picks
Curator Picks
Quizzes by...
Day
Popularity
Type
Ratings
Length
Year
Community
Subscriptions
Recent Discussions
Orange Saloon
Badges
Playlists
Quests
Create
Leaderboards
Showdown
Live 5
Trivia Bingo
Activity
Puzzle Library
Sporcle Events
Private Events
Virtual Trivia
Globe League
Become a Host
Pub Owners
SporcleCon
Opinionation
Our Games
Videos
Blog
Mobile Apps
Partnerships
Remove Ads and Go Orange
Feedback
Movies
Disney
Marvel Cinematic Universe
Movie Resume
Movie Titles
Oscar
Actor
Actress
Director
Pixar
Role
Movie Quotes
Movie Characters
Box Office
Nominee
Best Picture
Star Wars
James Bond
Horror Movies
Movies
Disney
Marvel Cinematic Universe
Movie Resume
Movie Titles
Oscar
Actor
Actress
Director
Pixar
Role
Movie Quotes
Movie Characters
Box Office
Nominee
Best Picture
Star Wars
James Bond
Horror Movies
Random Quiz
Search Sporcle
×
Quiz Lab
Quiz Lab
Movies
Oscar
Type in answers that appear in a list
Type in answers that appear in a list
Classic
Best Score? Go Orange.
Two or More Acting Oscars Stats
Can you name the Movies That Won Two or More Acting Oscar?
By
moviefreak89
8m
36 Questions
111 Plays
111 Plays
111 Plays
Comments
Comments
Give Quiz Kudos
Give Quiz Kudos
-
- Ratings
hide this ad
Replay
Link that replays current quiz
Next Quiz
Link to next quiz in quiz playlist
You Got
0%
They Got
Avg Score
66%
Avg Friend Score
Upgrade to see
Score Distribution
Jump to the score distribution portion of the page
Score
0/36
Timer
08:00
0
Plays Today
Actors in the Film
Film Name
% Correct
Anthony Hopkins and Jodie Foster
The Silence of the Lambs
97.3%
Hillary Swank and Morgan Freeman
Million Dollar Baby
96.4%
Louise Fletcher and Jack Nicholson
One Flew Over the Cuckoo's Nest
90.1%
Dustin Hoffman and Meryl Street
Kramer vs. Kramer
89.2%
Sean Penn and Tim Robbins
Mystic River
89.2%
Helen Hunt and Jack Nicholson
As Good As It Gets
88.3%
Cher and Olympia Dukakis
Moonstruck
87.4%
Holly Hunter and Anna Paquin
The Piano
86.5%
Brenda Fricker and Daniel Day-
Lewis
My Left Foot
85.6%
Vivien Leigh and Hattie McDaniel
Gone With the Wind
84.7%
Judi Dench and Gwyneth Paltrow
Shakespeare in Love
84.7%
Eva Marie Saint and Marlon Brando
On the Waterfront
80.2%
High Griffith and Charlton Heston
Ben-Hur
76.6%
Joel Grey and Liza Minelli
Cabaret
76.6%
Peter Finch, Faye Dunaway and Beatrice Straight
Network
76.6%
Katharine Hepburn and Henry Fonda
On Golden Pond
76.6%
Shirley MacLaine and Jack Nicholson
Terms of Endearment
76.6%
Claudette Colbert and Clark Gable
It Happened One Night
69.4%
Actors in the Film
Film Name
% Correct
Vivien Leigh, Kim Hunter and Karl Malden
A Streetcar Named Desire
65.8%
Jon Voight and Jane Fonda
Coming Home
63.1%
Dianne Wiest and Michael Caine
Hannah and Her Sisters
63.1%
George Chakiris and Rita Moreno
West Side Story
62.2%
Frank Sinatra and Donna Reed
From Here to Eternity
61.3%
Fredric March and Harold Russell
The Best Years of our Lives
51.4%
Anne Bancroft and Patty Duke
The Miracle Worker
51.4%
Sandy Dennis and Elizabeth Taylor
Who's Afraid of Virginia Woolf?
51.4%
Ben Johnson and Cloris Leachman
The Last Picture Show
51.4%
Barry Fitzgerald and Bing Crosby
Going My Way
49.5%
Vanessa Redgrave and Jason Robards
Julia
46.8%
Teresa Wright and Greer Garson
Mrs. Miniver
45%
Fay Bainter and Bette Davis
Jezebel
42.3%
Mercedes McCambridge and Broderick Crawford
All The King's Men
41.4%
Patrica Neal and Melvyn Douglas
Hud
41.4%
Burt Lancaster and Shirley Jones
Elmer Gantry
40.5%
Miyoshi Umeki and Red Buttons
Sayonara
35.1%
David Niven and Wendy Hiller
Separate Table
30.6%
Quiz Playlist
Details
Report
Send in Message
Add To Playlist
Classic:
Type in answers that appear in a list
Last Updated: Feb 16, 2017
Quiz Scoreboard
CHALLENGE
Sign Up to Join the Scoreboard
Show All
Scores
Hide
Comments
May contain spoilers
Recently Published
College Basketball Coaching Resumes
by pancakes188
Sports
9m
Billboard Blitz: Fleetwood Mac
by CooCooCachoo
Music
15s
Presidents Visiting Landmarks
by Hejman
History
7m
More to Explore
Quiz From the Vault
Featured Blog Post
Where Did the Easter Bunny Come From?
hide this ad
You Might Also Like...
Tags
Actor Quiz
Oscar Quiz
Won
Today's Top Quizzes in Movies
Browse Movies
hide this ad
Today's Top Quizzes in Oscar
Browse Oscar
Top Contributed Quizzes in Movies
1
Pick 5 Posters: Directed by Spielberg
2
7-to-1: Pixar Characters
3
Pick 5 Posters: Lowest-Rated Spielberg
4
Pick 5 Posters: Directed by Scorsese
5
Sorting Actors
6
Sorting Actresses
7
Pick 5 Posters: Star & Director
8
Pick 5 Posters: Women Directed 2020s
9
12 Movies about Fictional 1960s Events
10
Multi-Oscar Nominations, One Movie, One Winner
Explore More
Trending Topics
Marvel
Harry Potter
Kpop
Crossword
Disney
NBA
Anime
NFL
The Office
Puzzle
Soccer
WWE
Pokémon
Song
Country
hide this ad
More By:
moviefreak89
Quiz
Plays
Rating
Category
Featured
Created
Year-End #1 (Golf)
483
2.50
Sports
Feb 13, 2010
Two or More Acting Oscars
111
4.50
Movies
Feb 13, 2010
Birthday Today!
19
1.00
Miscellaneous
May 13, 2010
Go to Creator's Profile
Score Distribution
Quiz Creator Spotlight
moviefreak89
Follow
Send a Message
Quizzes Created
-
Created Quiz Play Count
-
More By This Creator
Popular Quizzes Today
1
Find the US States - No Outlines Minefield
2
Find the Countries of Europe - No Outlines Minefield
3
The Countries of the World
4
Find the US States
5
Risky Map Clicking: Biggest States A-Z
6
US States
7
Popular People in 1961
8
Movies - When Are They Set?
More Movies Quizzes
Pair of Actors in 1963 Movie Posters
Quiz Lab
Trending Quizzes
Risky Map Clicking: Least Populous States A-Z
1-10 Letter G Words
1-10 Letter F Words
Risky Map Clicking: Next State Alphabetically
Click the Washington State Counties! (Map)
Recently Updated
Leaping Animals
pecheneg
Reality TV Shows (A-Z)
bhenderson79
Rickey Henderson's Hall of Fame Teammates
pecheneg
Champions League XIs: Arsenal
pecheneg
Quick Pick: Celebrities in WWE's Hall of Fame
aduchscher
A-Z Keypad Blitz II
pecheneg
Multiple Oscar Actors
pecheneg
Mystery Phrase Blitz: Oscar 'Best Actors'
pecheneg
F. Scott Fitzgerald Novels
LTH
Pick 3 Villains
ddd62291
Trending Topics
Anime
NBA
Disney
Harry Potter
Kpop
Crossword
Marvel
Soccer
NFL
The Office
Song
Country
Pokémon
WWE
Puzzle
Your Account Isn't Verified!
In order to create a playlist on Sporcle, you need to verify the email address you used during registration. Go to your
Sporcle Settings
to finish the process.
Report this User
Report this user for behavior that violates our
Community Guidelines
.
Details:
Send Report
Go to the Sporcle.com Mobile Site →
Comments